|
|
|
|
| LEADER |
00000nam0a2200000 4500 |
| 001 |
141124 |
| 005 |
20231101220908.0 |
| 035 |
|
|
|a (RuTPU)RU\TPU\book\152956
|
| 090 |
|
|
|a 141124
|
| 100 |
|
|
|a 20080729d1971 k y0rusy50 ca
|
| 101 |
0 |
|
|a rus
|
| 102 |
|
|
|a RU
|
| 105 |
|
|
|a a z 001zy
|
| 200 |
1 |
|
|a Пленочные предохранители
|f К. К. Намитоков, К. Н. Аникеева
|
| 210 |
|
|
|a Москва
|c Информэлектро
|d 1971
|
| 320 |
|
|
|a Библиогр .: с. 49-54
|
| 606 |
|
|
|a Предохранители пленочные
|2 stltpush
|3 (RuTPU)RU\TPU\subj\51119
|9 69728
|
| 610 |
1 |
|
|a плавкие предохранители
|
| 610 |
1 |
|
|a вакуумная металлизация
|
| 610 |
1 |
|
|a металлические пленки
|
| 610 |
1 |
|
|a вжигание
|
| 675 |
|
|
|a 621.316.923
|v 3
|
| 700 |
|
1 |
|a Намитоков
|b К. К.
|g Кемаль Кадырович
|
| 701 |
|
1 |
|a Аникеева
|b К. Н.
|g Клавдия Николаевна
|
| 801 |
|
1 |
|a RU
|b 63413507
|c 20080729
|g PSBO
|
| 801 |
|
2 |
|a RU
|b 63413507
|c 20171018
|g PSBO
|
| 942 |
|
|
|c BK
|